Statistics for Fast Math Decoder - Division

Click here to take the quiz!

General Stats

  • This quiz has been taken 94 times
  • The average score is 21 of 28

Answer Stats

LetterHintAnswer% Correct
E45 ÷ 95
98%
R90 ÷ 518
97%
S95 ÷ 519
97%
L108 ÷ 912
94%
S152 ÷ 819
94%
E80 ÷ 165
92%
M78 ÷ 613
89%
N56 ÷ 414
89%
O105 ÷ 715
88%
E35 ÷ 75
86%
U441 ÷ 2121
82%
Y125 ÷ 525
82%
I153 ÷ 179
82%
O90 ÷ 615
79%
S76 ÷ 419
76%
R72 ÷ 418
74%
A55 ÷ 551
73%
S152 ÷ 819
73%
L156 ÷ 1312
70%
O75 ÷ 515
70%
S247 ÷ 1319
70%
E105 ÷ 215
62%
L180 ÷ 1512
59%
G91 ÷ 137
56%
U483 ÷ 2321
55%
E135 ÷ 275
53%
R324 ÷ 1818
48%
QuoteLess is more, unless you're Al Gore.
29%

Score Distribution

Percentile by Number Answered

Percent of People with Each Score

Your Score History

You have not taken this quiz